Hired labor in rural Asia (Record no. 499670)

000 -LEADER
fixed length control field 00317cam a22001097a 4500
008 - FIXED-LENGTH DATA ELEMENTS--GENERAL INFORMATION
fixed length control field 180718b1977 xxu||||| |||| 00| 0 eng d
082 ## - DEWEY DECIMAL CLASSIFICATION NUMBER
Classification number Z47x5 In7
245 ## - TITLE STATEMENT
Title Hired labor in rural Asia
Statement of responsibility, etc. edited by S. Hirashima
260 ## - PUBLICATION, DISTRIBUTION, ETC.
Place of publication, distribution, etc. Tokyo
Name of publisher, distributor, etc. Institute of Developing Countries
Date of publication, distribution, etc. 1977
300 ## - PHYSICAL DESCRIPTION
Extent 282+p.
700 ## - ADDED ENTRY--PERSONAL NAME
Personal name Hirashima, S.
Holdings
Withdrawn status Lost status Damaged status Not for loan Permanent Location Current Location Date acquired Full call number Barcode Date last seen Price effective from Koha item type
        Indian Institute of Public Administration Indian Institute of Public Administration 2018-08-04 Z47x5 In7 GR10409 2018-08-04 2018-08-04 GR

Powered by Koha